A history of arya samaj : (Record no. 124555)

MARC details
000 -LEADER
fixed length control field 00883nam a22002537a 4500
005 - DATE AND TIME OF LATEST TRANSACTION
control field 20170124105941.0
010 ## - LIBRARY OF CONGRESS CONTROL NUMBER
LC control number A-677766
020 ## - INTERNATIONAL STANDARD BOOK NUMBER
Terms of availability 00
International Standard Book Number 8121505788
035 ## - SYSTEM CONTROL NUMBER
System control number A-677766
037 ## - SOURCE OF ACQUISITION
Source of stock number/acquisition Cen Lib/Ret
040 ## - CATALOGING SOURCE
Original cataloging agency DPL
Language of cataloging EN
082 ## - DEWEY DECIMAL CLASSIFICATION NUMBER
Classification number 238
Item number RAI
100 ## - MAIN ENTRY--PERSONAL NAME
Personal name Rai, Lajpat
9 (RLIN) 11144
245 ## - TITLE STATEMENT
Title A history of arya samaj :
Statement of responsibility, etc by Lajpat Rai; edited by Sri Ram Sharma
Remainder of title an account of its origin, doctrins and activities with a biographical sketch of the founder /
246 ## - VARYING FORM OF TITLE
Remainder of title
260 ## - PUBLICATION, DISTRIBUTION, ETC. (IMPRINT)
Name of publisher, distributor, etc Munshiram Manoharlal Publishers
Date of publication, distribution, etc 1992
Place of publication, distribution, etc New Delhi
270 ## - ADDRESS
City New Delhi
Address 54, rani jhansi road
Postal code 110055
300 ## - PHYSICAL DESCRIPTION
Extent vi, 217p.
Dimensions 21cm(Hb)
500 ## - GENERAL NOTE
General note Includes bibliographical references and index
650 ## - SUBJECT ADDED ENTRY--TOPICAL TERM
Topical term or geographic name as entry element Hinduism--Arya samaj
9 (RLIN) 91086
650 ## - SUBJECT ADDED ENTRY--TOPICAL TERM
Topical term or geographic name as entry element Biography--Lajpat Rai
9 (RLIN) 91087
700 ## - ADDED ENTRY--PERSONAL NAME
Personal name Sri Ram Shrma
9 (RLIN) 91088
942 ## - ADDED ENTRY ELEMENTS (KOHA)
Source of classification or shelving scheme Dewey Decimal Classification
Koha item type English Books
Classification part 238
Call number suffix RAI
Holdings
Withdrawn status Lost status Damaged status Not for loan Home library Current library Date acquired Source of acquisition Cost, normal purchase price Total Checkouts Full call number Barcode Date last seen Copy number Cost, replacement price Price effective from Koha item type
        Central Library Central Library 17/06/2015 Cen Lib/Ret 0.00   238 RAI A-677766 17/06/2015 1 0.00 17/06/2015 English Books

© Delhi Public Library
Hit Counter
free hit counter